| 000 | 01811cam a22005054i 4500 | ||
|---|---|---|---|
| 003 | PE-LiUPU | ||
| 005 | 20250731165617.0 | ||
| 008 | 150616s r 000 0 d | ||
| 035 | _a(Sirsi) a5500 | ||
| 035 | _a(Sirsi) a5500 | ||
| 040 |
_aPE-LiUPU _bspa _cPE-LiUPU _erda |
||
| 049 | _aPRUA | ||
| 082 | 0 | 4 |
_a211.804 _bG53 _221 |
| 100 | 1 |
_aGirardi, Giulio, _eautor. |
|
| 245 | 1 | 3 |
_aEl ateísmo contemporáneo. _n4,El cristianismo frente al ateísmo. |
| 264 | 1 |
_aMadrid : _bEdiciones Cristiandad, _c1971. |
|
| 300 |
_a637 páginas ; _c24 cm. |
||
| 336 |
_atext _2rdacontent |
||
| 337 |
_aunmediated _2rdamedia |
||
| 338 |
_avolume _2rdacarrier |
||
| 504 | _aIncluye bibliografía al final de capítulos. | ||
| 505 | 0 | _aEl ateísmo como problema teológico -- Problemas teológicos en el diálogo con el ateísmo -- Presencia cristiana en un mundo marcado por el ateísmo. | |
| 526 | _aSEG44 | ||
| 526 | _aSEG26 | ||
| 526 | _aP151 | ||
| 526 | _aP150 | ||
| 526 | _aP149 | ||
| 526 | _aP146 | ||
| 526 | _aP145 | ||
| 526 | _aP126 | ||
| 526 | _aP125 | ||
| 526 | _aP92 | ||
| 526 | _aP75 | ||
| 526 | _aP74 | ||
| 526 | _aP27 | ||
| 526 | _aP15 | ||
| 650 | 1 | 4 |
_aAteísmo. _92097 |
| 910 |
_ajck _bjvq _cjck |
||
| 942 |
_2ddc _cBOOK |
||
| 949 |
_aRC 211.804 G53 4 _wDEWEY _c1 _i23320 _lRC _mBUL _r0 _sY _tBOOK _u2015-6-16 _xTEOLOGIA _zUNKNOWN _0COMPRA _o.CIRCNOTE. No olvidar cambiar la fecha de devolución!!!!!!! _o.STAFF. Colección General |
||
| 994 |
_aC0 _bPEPRU |
||
| 596 | _a1 | ||
| 999 |
_aRC 211.804 G53 4 _wDEWEY _c56536 _i23320 _f2021-11-8 _g7 _lCCODEBUL1 _mBUL _r1 _sY _tBOOK _u2015-6-16 _xTEOLOGIA _zUNKNOWN _0COMPRA _o.CIRCNOTE. No olvidar cambiar la fecha de devolución!!!!!!! _o.STAFF. Colección General _d56536 |
||
| 980 |
_81 _gALBERTO SANCHEZ Responsable de Automatización |
||